000 00867nas a2200265 4500
001 BR8101533
003 BR-BrBNA
005 20231205084600.0
007 ta
008 230509b bl.|||p| |||| 00| 00por d
040 _aBR-BrBNA
_bpor
_cBiblioteca Nacional de Agricultura
041 _a(Pt)
072 _aS10
100 1 _aYabiku, H.Y.
100 1 _aLajolo, F.M.
245 1 _aDeterminacao de B-asarona em bebidas alcoolicas [Analise de alimento; Aroma]
246 1 _aDetermination of B-asarone in alcoholic beverages [Food analysis; Flavour]
650 _aComposicao de alimento
650 _aBebida alcoolica
650 _aAnalise de alimento
650 _aAroma
773 0 _tRevista do Instituto Adolfo Lutz (Brazil)
_xISSN 0073-9855
_g(Dec 1980), v. 40(2) p. 135-145
_wBR8101533
909 _a202311
_bLúcia
_c55
_dLúcia Elande
942 _2AGRIS
_n0
_cANA
999 _c106073
_d106073